00815nam a22002297a 4500003000900000005001700009007000300026008004100029020001800070040002500088082001400113100002300127245010000150260007300250300004900323490002700372490001500399500006400414504003000478700003800508830003900546DO-SdBNP20211215134842.0ta211102b2018 dr abcd| |||| 00| 0 spa d a9789945590838 aDO-SdBNPbspacBNPHU 4222bB399f1 a Beddow, Megan D. 10aFactores claves del voluntariado dominicano /cMegan D. Beddow ; prólogo Natasha Despotovic. aSanto Domingo : bFundación Global Democracia y Desarrollo,c2018. a85 p. :bil., mapas, retrs. gráfsc20 cm. 1 aEstudios y reflexiones1 aEconomía aIncluye datos biográficos de la autora en la página 79 aBibliografía : p. 69-761 a Despotovic, Natasha,eprólogo  aEstudios y reflexionespEconomía